000 00354nam a2200157Ia 4500
003 OSt
005 20231123053229.0
008 170524s9999 xx 000 0 und d
020 _a81-8204-025-6(H.B)
040 _cIIMT
100 _aAggarwal - D.K.
245 0 _aKitchen equipment and design
260 _bAman Pub
260 _c2006
942 _2ddc
_c02
999 _c7394
_d7394